000 00717nam a2200217Ii 4500
003 JO-AjNU
008 230605s9999||||xx |||||||||||||| ||und||
017 _a2012/6/2116
040 _aJO-AjNU
_bara
_erda
_cJO-AjNU
041 _aara
050 1 4 _aPJ7507.A288 2013
100 3 _aأبو زيد، سامي يوسف,
_eauthor
_950257
245 0 0 _aالنقد العربي القديم = OLD ARABIC CRITICISM
250 _aط1
264 3 1 _aعمان: دار المسيرة للنشر والتوزيع، 2013
300 _a407ص
336 _atext
_btxt
_2rdacontent
337 _aunmediated
_bn
_2rdamedia
338 _avolume
_bnc
_2rdacarrier
650 4 _aالنقد العربي - العصر القديم
_950258
999 _aA22127
_c25695
_d25695